000 00719nam a2200217 a 4500
001 19460
003 CO-ViMGA
008 141112s2004 ck r 000 u spa d
020 _a958332437X
040 _aCO-ViMGA
_bspa
_cCO-ViMGA
082 0 4 _a352.35 M135f
100 1 _aMafla Arango, Maximino; Montilla Galvis, Omar de Jesús; Avila Mejia, Armando
_928036
245 1 0 _aFundamentos de veeduría :
_bveeduría para todos
260 _aCali (Colombia) :
_bArtes gráficas del Valle; 2001
300 _a216 p.
590 _aForma de adquisición : Premio Mincultura
650 1 4 _aCONTROL INTERNO
650 1 4 _aPARTICIPACION CIUDADANA - MECANISMOS
_928037
650 1 4 _aVEEDURIAS - COLOMBIA
_928038
942 _2ddc
_cBK
999 _c28602
_d28602